000 00450nam a2200145Ia 4500
003 OSt
005 20260226160559.0
008 211028s2018 xx 000 0 und d
040 _cAIMIT LIBRARY
041 _aeng
100 _aGonsalves, Robin Tony; Balaraju, S J.
_g1716161
_98138
245 _aDetailed study of Bharath bookmark in perspective of products customer and online sales /
260 _aMangalore
_bHarinakshi
_c2018
942 _2ddc
_cPRO
999 _c219706
_d219706